[Event "Pula zt 1.2"]
[Site "Pula"]
[Date "2000.04.13"]
[Round "3"]
[White "Zaja, Ivan"]
[Black "Psakhis, Lev"]
[Result "1/2-1/2"]
[WhiteElo "2452"]
[BlackElo "2599"]
[Annotator "Psakhis,L"]
[PlyCount "87"]
[EventDate "2000.04.11"]
[EventType "swiss"]
[EventRounds "11"]
[EventCountry "CRO"]
[SourceTitle "CBM 077"]
[Source "ChessBase"]
[SourceDate "2000.07.27"]
[SourceVersion "1"]
[SourceVersionDate "2000.07.27"]
[SourceQuality "1"]

1. d4 Nf6 2. c4 e6 3. Nc3 Bb4 4. Qc2 O-O 5. Nf3 {After this modest move White
can't pretend for an advantage.} (5. a3 {is a main line}) 5... c5 6. dxc5 Na6
7. a3 Bxc3+ 8. Qxc3 Nxc5 9. Bg5 ({Black doing well and after} 9. g3 b6 10. Bg2
Ba6 {for example} 11. Nd2 Rc8 12. b4 Bb7 13. f3 Na6 14. Bb2 d5 {[%cal Gc8c3]
0-1 Lower,S-Serper,G/USA op 1996 (27)}) 9... Nfe4 {I spent almost half of hour
trying to choose between move in the game and} (9... Nce4 10. Bxf6 Nxf6 $11 {
[%cal Gb7b6,Gc8a6] with very drawish position.}) 10. Bxd8 Nxc3 11. Ba5 $5 $146
{[%mdl 8] Interesting novelty was found by my young opponent on the board.} (
11. Be7 Nb3 12. Bxf8 Kxf8 13. Rd1 $1 Nxd1 14. Kxd1 {leads to equal chances,
for example} a5 (14... d5 15. e3 Bd7 16. Kc2 Ba4 17. Kc3 Rc8 18. Kb4 Nc5 19.
Nd2 b6 20. b3 a5+ 21. Kc3 Bxb3 22. Nxb3 Ne4+ 23. Kd4 Nxf2 {1/2-1/2 Barbero,
G-De Firmian,N/Lugano 1989 (29)}) 15. e3 a4 16. Nd2 Nc5 17. Kc2 (17. Be2 b6 18.
Kc2 Ba6 19. Rc1 Rc8 20. Kd1 Ke7 21. Rc3 f5 22. f3 d6 23. Rc2 g5 24. Ke1 f4 25.
exf4 gxf4 {Schulz,K-Lau,R/FRG-ch 1987/0-1 (41)}) 17... d6 18. Be2 Bd7 19. f3 f5
20. Rc1 Ke7 21. Kb1 Bc6 22. Ka2 g5 23. b4 axb3+ 24. Nxb3 Nxb3 25. Kxb3 Ra5 {
Ovod,E-Macieja,B/St.Petersburg Chigorin 1997/1/2-1/2 (82)}) (11. Rc1 $2 Nxe2
12. Bxe2 Rxd8 {0-1 Gittens-Mack,A/corr 1988 (12)}) 11... Nb3 12. Bxc3 Nxa1 13.
Nd2 {[%csl Ga1] Black knight on a1 is serious danger and I I didn't found how
to save it even after hour of calculations.} d5 (13... a5 {was most prinicipal
replay, but I didn't like black position after} 14. b3 $1 Nc2+ 15. Kd1 Nxa3 16.
Bb2 a4 (16... Nxc4 17. Nxc4 b5 18. Nd6 $13) 17. b4 $5 (17. Bxa3 axb3 18. Bc1 d5
$1 19. cxd5 Rd8 $36) 17... Nxc4 18. Nxc4 b5 19. Na3 {[%csl Rb5] and two pieces
are clearly stronger than rook+2P}) (13... b5 14. cxb5 (14. b3 Nxb3 15. Nxb3
bxc4 16. Nd4 Rb8) 14... Bb7 15. Nc4 {[%cal Gc4d6,Gc4a5]}) 14. e3 $8 (14. cxd5
exd5 15. Kd1 d4 $1 16. Bxd4 Rd8 17. e3 Be6) 14... Rd8 15. Bd3 $1 {[%cal Ge1e2]}
dxc4 (15... a5 16. Ke2 dxc4 17. Bxc4 b5 18. Bxb5 $18) (15... e5 16. cxd5 Rxd5
17. Ke2 $18) 16. Bxc4 Bd7 17. Ke2 Nc2 18. Rc1 Ba4 19. b3 (19. Bd3 Nxa3 (19...
Rxd3 20. Kxd3 Rd8+ 21. Ke2 {[%cal Gb2b3]}) 20. bxa3 Rac8) 19... Nxa3 (19...
Bxb3 20. Nxb3 Nxa3 21. Bd3 a6 22. Be4 $16) 20. bxa4 Nxc4 21. Nxc4 {[%mdl 4096]}
Rac8 22. Na3 (22. Bd4 $5 b6 23. Rc3 f6 24. f4 {[%cal Ge2d3,Gc3b3,Gg2g4,Gh2h4]})
22... Rd5 {To be honest, I didn't worried too much about my position in the
time of the game and hoped, that it will be not so difficult to equalise
chances. Unfortunately, I was wrong.} 23. Rc2 (23. e4 $6 Ra5) 23... b6 24. Bd2
({Deserves attention} 24. e4 $5) 24... Rxc2 25. Nxc2 {[%cal Gc2d4,Gd4b5]} e5
26. e4 Rd6 27. Bc3 f6 28. Nb4 Kf7 29. h4 h5 30. f3 (30. g3 {[%cal Gf2f4]})
30... Ke6 31. Nd5 Rd8 32. Kd3 Rc8 33. f4 $1 g6 (33... exf4 34. Nxf4+ Kf7 35.
Nxh5 Rh8 36. g4 $18) 34. fxe5 fxe5 35. Nb4 (35. Ne3 $5 {[%csl Re5][%cal Ge3c4]}
Rg8 (35... Rf8 $5) 36. Nc4 g5) 35... Rf8 36. Nc6 Rf4 $138 (36... Rc8 $5 37.
Nxa7 Rd8+ 38. Kc4 (38. Ke3 Ra8 39. Nb5 Rxa4) 38... Ra8 39. Nc6 Rxa4+ 40. Kd3
Ra3) 37. Nxe5 ({Maybe} 37. Bxe5 {is more dangerous for Black, but I think that}
Rxh4 38. Ke3 a6 {[%cal Gh4h1,Gh1a1] keeps balance.}) 37... Rxh4 38. Ke3 (38.
Nc6 Rg4) 38... g5 $8 39. Nf3 (39. Bd4 Rh2 40. Kf2 Rh4) 39... Rg4 40. Nd4+ Kf7
41. Kf3 Rf4+ 42. Ke3 Rg4 (42... h4 43. Nf3 Kg6 44. Bd2 $1) 43. Kf3 Rf4+ 44. Ke3
1/2-1/2

[Event "Wichern op 4th"]
[Site "Hamburg"]
[Date "1997.??.??"]
[Round "7"]
[White "Lamprecht, Frank"]
[Black "Reddmann, Hauke"]
[Result "0-1"]
[WhiteElo "2410"]
[BlackElo "2315"]
[Annotator "Reddmann,H"]
[PlyCount "56"]
[EventDate "1997.10.??"]
[EventType "swiss"]
[EventRounds "9"]
[EventCountry "GER"]
[SourceTitle "EXT 1998"]
[Source "ChessBase"]
[SourceDate "1997.11.17"]
[SourceVersion "1"]
[SourceVersionDate "1997.11.17"]
[SourceQuality "1"]

1. d4 Nf6 2. c4 e6 3. Nc3 Bb4 4. Qc2 O-O 5. Nf3 c5 6. dxc5 Na6 7. a3 Bxc3+ 8.
Qxc3 Nxc5 {Eine erste Einschätzung: Weiß hat das Läuferpaar und die
angenehmere Stellung. Als Kompensation sitzt für Schwarz ein Chaot am Brett.}
9. b4 Nce4 10. Qd4 a5 {Nun könnte Weiß auf die Idee kommen, den Se4 zu fangen,
z.B. mit 11.Sg1 12.f3 oder 11.e3 12.Ld3. Wird er dabei zu dreist - 11.g4!? -
geht zur Not 11...d5. Weiß versucht es daher positionell:} 11. Ng5 {Und nun
ist 11...Sxg5 12.Lxg5 ayb4 13.axb4 Txa1 14.Dxa1 De7 15.Lxf6 gxf6 oder irgend
etwas ähnliches erzwungen? Irrtum!} e5 {Ein bauerantes Brillenopfer. Weiß
nimmt an und gerät in Entwicklungsrückstand.} 12. Qxe5 Re8 13. Qb2 axb4 14.
Qxb4 (14. axb4 $2 Rxa1 15. Qxa1 Qb6) 14... d5 {Nun hängen ständig
Doppelangriffe in der Luft.} 15. f3 Nd6 16. c5 Nc4 17. e4 {Am besten war
vielleicht 17.h4, um die Hauptdrohung h6 nebst Lxh3 zu entschärfen. Die Partie
wäre allerdings eine einzige Tortur.} h6 18. Bxc4 dxc4 19. Qxc4 (19. Nh3 Bxh3
20. gxh3 Nxe4 {braucht man nicht zu berechnen. Der König würde in der Mitte
zertrampelt.}) 19... hxg5 20. Bxg5 Be6 21. Qc1 Qa5+ 22. Bd2 Qa6 23. Kf2 Nd7 24.
Be3 Rec8 {Nun droht zu allem Ärger Sxc5 nebst b6} 25. Rb1 Ba2 {Noch eine
Gemeinheit. Der Turm muß in die Familiengabel.} 26. Rb2 Ne5 27. Rd1 Qxa3 28.
Qa1 {"Die Fehler sind da, sie warten nur darauf gemacht zu werden." - Dr.
Tortakower. Weiß war allerdings schon in leichter Zeitnot. Mit 28.Tbd2 konnte
man sich weiter quälen.} Nc4 {aufgegeben (29.Te2 Sxe3 30.Txe3 Dxc5 gewinnt
sogar ein HR).} 0-1

[Event "FIDE-Wch k.o."]
[Site "Moscow"]
[Date "2001.11.27"]
[Round "1.1"]
[White "Gurevich, Mikhail"]
[Black "Rogozenco, Dorian"]
[Result "1-0"]
[WhiteElo "2605"]
[BlackElo "2536"]
[Annotator "Rogozenco,D"]
[PlyCount "87"]
[EventDate "2001.11.27"]
[EventType "k.o."]
[EventRounds "7"]
[EventCountry "RUS"]
[SourceTitle "CBM 086"]
[Source "ChessBase"]
[SourceDate "2002.02.05"]
[SourceVersion "1"]
[SourceVersionDate "2002.02.05"]
[SourceQuality "1"]

1. d4 Nf6 2. c4 e6 3. Nc3 Bb4 4. Qc2 c5 5. dxc5 O-O 6. a3 (6. Nf3 Na6 $11) 6...
Bxc5 7. Nf3 b6 8. Bf4 Nh5 (8... Bb7 {is also possible. Usually it makes little
difference to the game move if Black plays Nh5 next.}) 9. Bg3 (9. Bd2 Bb7 10.
e4 Nc6 11. Be2 Qb8 12. b4 Be7 13. g3 f5 14. O-O f4 15. Kg2 Ne5 16. Nd4 Qe8 17.
Qd1 g6 18. Nf3 Bf6 19. Rc1 Nxf3 {1/2-1/2 Bareev,E-Gulko,B/New Delh/2000}) (9.
Bg5 {is harmless:} Be7 10. Bxe7 Qxe7 {Black achieved two goals - traded
bishops and developed the queen. Next plan is to play Bb7, Nc6, Rac8 and Na5
with an equal game.}) 9... Bb7 (9... f5 {Although Black managed to win in the
following game, White probably had an opening advantage:} 10. e3 Bb7 11. Be2
Nc6 12. Rd1 Nxg3 13. hxg3 Rf7 14. Nb5 {White has a space advantage and more
possibilities for active play, Karpov,A-Gelfand,B/Monte Carlo 2000}) 10. e3
Bxf3 {Most principled way.} 11. gxf3 f5 {Black's idea looks very attractive -
to play f5-f4 and if White plays f3-f4 himself, then his bishop on g3 looks
very bad. During my preparation at home I stoped here, being sure Black must
be okay. I was very surprised during the game to see that Mikhail continued to
play very quick in this position.} 12. f4 Nc6 13. Be2 Nf6 14. O-O $146 {
Played in his usual quick manner. I couldn't help thinking that Black must be
okay here, but I started to be slightly nervous, because I didn't see a clear
way to create counterplay. White's plan is very simple - he wants to double
rooks on the d-file, play Qa4 and then advance his queenside pawns. What can I
do? The obvious way of counterplay is to play Rc8 and Na5, but concrete
calculations showed me that White is the first one to create threats on the
d-file. The "bad" bishop on g3 has its role - it protects very well the
kingside (for instance I can forget about g7-g5) and also it can always come
into play after Bh4. I would have been happy to trade dark-squared bishops,
but of course White keeps them and does not harry with Bh4.} (14. Bh4 $6 {
It looks natural to activate the bishop, but in fact this is a positional
mistake. After trading bishops White's kingside becomes vulnerable.} Be7 15.
O-O-O Rc8 16. Kb1 Ne8 17. Bxe7 Qxe7 18. Rd2 Qh4 $1 {A direct consequence of
trading bishops.} 19. Rxd7 Qxf2 20. Qc1 Nf6 21. Rd6 Na5 22. Rxe6 Nxc4 $17 {
Agrest,E-Onischuk,A/New Delhi 2000}) 14... Rc8 15. Rfd1 $14 {/\Rd2, Rad1,Qa4,
b4 - XPd7.} (15. Bh4 $6 Be7 {As I mentioned, this only helps Black.}) 15... Ne8
$5 {An interesting plan to solve my problems on the d-file by retreating
pieces back, clearing the seventh rank for my rook and then start counterplay
on the c-file. The pawn on d6 will be well protected.} (15... Be7 {This would
have been the most natural way to create counterplay for Black in this
variation. However, during the game I couldn't make it work:} 16. Qa4 $1 (16.
Rd2 Na5 17. Qa4 Qc7 18. Nb5 Qc6 $1 {is fine for Black.}) 16... Na5 (16... Qc7
17. Bh4 $1 {This move is very unpleasant now. White will double rooks next on
the d-file, while I can't create my own play yet.} (17. b4 a5 $1 $132)) 17. Bh4
$14 Rf7 $140 18. Bxf6 Bxf6 19. Nb5 $14) 16. Rd2 Rf7 17. Rad1 Bf8 18. Qa4 (18.
b4 a5 $1 {A typical move.} 19. b5 Nb8 $11 {Black has solved all the problems.
The pawn will be well protected on d6 and I can play Rf7-c7 (after d7-d6),
then transfer the knight on c5. Another possible plan is to delay the move d6
and try to create some initiative on the kingside (for instance g6, h6, Rg7
and g5, or g6, h5-h4, Rg7 and g5). White's only way to do something is the
advance e3-e4, which will create further weaknesses in his camp.}) 18... d6 19.
b4 {White has finished his first stage of the plan. He created pressure on the
d-file and took space advantage on the queenside. Now his threat would be Nb5,
followed by Bf3 and I will have problems defending a7-pawn. On the other hand
the pawn structure favours me and all I have to do is to find a defence
against White's plan. I felt that if I will succeed to find a defencive idea,
then the future might belong to me, since at one moment White's aggressive
ideas would come to an end.} Nb8 $1 {Like in a hedgehod-type of position, I am
going to play a6, taking away square b5 from his knight. d6-pawn is not a real
weakness, because it is well protected. After I will play a6, the move b5 will
become a threat, either immediately or after the previous Rfc7.} (19... g6 20.
Nb5 $16) 20. Nb5 $1 {[%csl Re6][%cal Gb5d4] The knight goes to d4.} Qd7 ({
a mistake would have been} 20... a6 {because it only helps White:} 21. Nd4 Qf6
22. Qb3 {and it is not easy to stop the advance c4-c5, attacking both on e6
and b6.}) 21. Qb3 Nc6 {With the obvious goal to control square d4. In case I
will trade knights, White will no longer have any sensible active plans.
Unfortunately all this took me too much time and giving the fact that we
played with a new Fide time control, soon I was condamned to be in time
trouble for the whole game...} (21... a6 $2 22. Nd4 $16 {would only help White,
of course.}) 22. Bf3 a6 23. Nc3 Qc7 $2 {Wrong move order, which allows White a
very nice tactical solution.} (23... Nd8 $1 {This was the right move to start
with. It might look a bit strange - the knight goes back again, but in fact
Black defended against White's advance c4-c5, protected the weakness on e6 and
is ready for counterplay like Qc7 or b5, which should not be underestimated.
In my opinion the position is balanced now and White has to start thinking
about some defencive plans too.}) 24. c5 $1 {Starting tactical complications
at the right moment.} d5 $2 {Second mistake in a raw, played very quick, like
the previous one since I already was short of time.} (24... Nd8 $8 {was the
only move to hold. White is clear better, but there is no direct win like in
the game.} 25. cxd6 (25. Qa4 $5) 25... Nxd6 26. Rd3 $16) 25. Nxd5 $1 $18 (25.
cxb6 Qxb6 26. Nxd5 exd5 27. Bxd5 {is similar to the game and was also possible.
}) 25... exd5 26. Bxd5 bxc5 27. Be6 $1 {with the idea Rd7. Here I used almost
all my time and realized that there is no defence.} Nd6 (27... Nf6 28. Bh4 $18)
28. Rxd6 (28. bxc5 {wins too:} Na5 29. cxd6 Nxb3 30. dxc7 Nxd2 31. Bxc8 Rxc7
32. Be6+ Kh8 33. Rxd2) 28... Bxd6 29. bxc5 Bxc5 30. Rd7 Qxd7 {Couldn't find
anything better. However, White wins in all lines.} 31. Bxd7 Rb8 32. Qa2 (32.
Qd5 {was even more precise.} Nd8 33. Be8 Bxa3 34. Bh4) 32... Nd8 33. Be8 Be7 (
33... Kf8 34. Bxf7 Nxf7 35. Qd5 Bxa3 36. Qxf5 $18) 34. a4 g6 (34... Kf8 35.
Bxf7 Nxf7 36. Qe6 Nd6 37. Bh4 {An amazing and quite a typical moment - the
bishop which stayed the whole game without taking part in the battle, finally
makes a move and immediately decides the game.}) 35. Bxf7+ Nxf7 36. Qe6 Kf8 37.
Qxa6 {The rest was not necessary to be played.} Kg7 38. Qa7 Rb1+ 39. Kg2 Bd8
40. a5 h5 41. h3 h4 42. Bh2 Rb2 43. a6 Bb6 44. Qb7 ({a possible continuation
would be:} 44. Qb7 Bd4 45. exd4 Rxb7 46. axb7 $18) 1-0

[Event "World Cup"]
[Site "Reykjavik"]
[Date "1991.??.??"]
[Round "8"]
[White "Salov, Valery"]
[Black "Andersson, Ulf"]
[Result "1-0"]
[WhiteElo "2665"]
[BlackElo "2625"]
[Annotator "Salov,V"]
[PlyCount "121"]
[EventDate "1991.09.??"]
[EventType "tourn"]
[EventRounds "15"]
[EventCountry "ISL"]
[EventCategory "16"]
[SourceTitle "CBM 026"]
[Source "ChessBase"]
[SourceDate "1992.02.01"]
[SourceVersion "1"]
[SourceVersionDate "1992.02.01"]
[SourceQuality "1"]

1. d4 Nf6 2. c4 e6 3. Nc3 Bb4 4. Qc2 c5 5. dxc5 O-O 6. a3 Bxc5 7. Nf3 Nc6 8.
Bg5 Nd4 9. Nxd4 Bxd4 10. e3 Qa5 11. exd4 Qxg5 12. Qd2 Qxd2+ 13. Kxd2 b6 14. Bd3
(14. b4 d6 15. Be2 Bb7 16. f3 Rfc8 (16... Rfd8 $142) 17. a4 a5 18. Rhb1 Bc6 19.
bxa5 bxa5 20. Nb5 Rd8 21. Ke3 Kf8 22. Ra3 Ke7 $10 {Polugaevsky-Andersson,
Haninge 1989}) 14... Bb7 15. f3 d6 16. b4 Rfd8 17. Rhb1 {TN} (17. a4 e5 $6 18.
d5 a5 19. Rhb1 Bc8 20. bxa5 bxa5 21. Rb6 $36 {Sokolov,I-de Firmian,N,Biel1989,
-48/751}) 17... Bc6 $1 18. Nd1 (18. a4 a5 19. bxa5 bxa5 20. Rb6 Rdc8 21. Nb5 (
21. d5 $6 exd5 22. Bf5 Bd7 23. Bxd7 Nxd7 24. Rxd6 Nc5 $15) 21... Nd7 22. Rxc6
Rxc6 23. Be4 Rac8 24. Bxc6 Rxc6 25. Kd3 $14) 18... g6 19. Ne3 $14 Kf8 20. Rb2
h5 21. h4 (21. a4 $6 a5 22. bxa5 bxa5 23. Rb6 Rdc8 24. d5 exd5 25. cxd5 Bxd5
26. Rxd6 Be6 $15) 21... Ke7 22. Re1 Kf8 23. Ra1 Ke7 24. Re1 Kf8 25. Nd1 Bd7 26.
Nc3 Rdc8 27. Reb1 Bc6 28. Ra1 Ke7 29. Re1 Kf8 30. Rbb1 Bd7 31. Rec1 Rab8 32.
Rb2 Ra8 33. Nd1 Rc7 34. Ne3 Ke7 35. Rbc2 Rac8 36. Rc3 Be8 37. Be2 Bd7 38. c5 $1
dxc5 39. dxc5 bxc5 40. Rxc5 (40. Ba6 Rd8 41. Ke2 Bc8 42. Bb5 $14) 40... Rxc5
41. Rxc5 Rxc5 42. bxc5 e5 43. Kc3 Be6 44. Bc4 $14 Kd7 45. Bxe6+ Kxe6 46. Kc4
Ne8 $5 47. Kb5 Kd7 $1 48. Kc4 (48. c6+ $2 Kd6 49. Nc4+ Kd5 {/\Ne8-c7}) 48...
Nc7 (48... Ke6 $142) 49. Nd5 Ne6 50. g4 hxg4 $2 (50... g5 $1 51. gxh5 gxh4 52.
h6 Nf8 $1 53. Nf6+ Kc6 54. Ng4 Ng6 $1 55. Nf2 Nf8 $10) 51. fxg4 f5 (51... Ng7
$142) 52. gxf5 gxf5 53. h5 f4 54. h6 Ng5 55. Nf6+ Kc6 56. Ne4 Nh7 (56... f3 57.
Kd3 $18) 57. Nf2 $1 Ng5 58. Nd3 Nf7 59. h7 $18 a6 60. Nf2 Nh8 61. Nd3 (61. Nd3
Nf7 62. Kb4 Kd5 63. c6 $18) 1-0

[Event "World Cup"]
[Site "Reykjavik"]
[Date "1991.??.??"]
[Round "6"]
[White "Salov, Valery"]
[Black "Ljubojevic, Ljubomir"]
[Result "1/2-1/2"]
[WhiteElo "2665"]
[BlackElo "2600"]
[Annotator "Salov,V"]
[PlyCount "89"]
[EventDate "1991.09.??"]
[EventType "tourn"]
[EventRounds "15"]
[EventCountry "ISL"]
[EventCategory "16"]
[SourceTitle "CBM 026"]
[Source "ChessBase"]
[SourceDate "1992.02.01"]
[SourceVersion "1"]
[SourceVersionDate "1992.02.01"]
[SourceQuality "1"]

1. d4 Nf6 2. c4 e6 3. Nc3 Bb4 4. Qc2 c5 5. dxc5 O-O 6. a3 Bxc5 7. Nf3 Nc6 8.
Bg5 Nd4 9. Nxd4 Bxd4 10. e3 Qa5 11. exd4 Qxg5 12. Qd2 Qxd2+ 13. Kxd2 b6 14. Bd3
(14. f3 $5 Ba6 15. b4 Rac8 (15... d6 $142) 16. c5 Bxf1 17. Rhxf1 $14 {
Seirawan-Kudrin,USA(ch)1986}) 14... Ba6 15. Rhc1 Rac8 {TN} (15... Rfc8 16. Nd1
Rc7 (16... d6 17. b4 Bb7 18. f3 e5 $6 19. d5 g6 $6 (19... b5 $142 20. Ne3 $14 {
Bykhovsky,Av}) 20. Nc3 Ne8 21. g4 $1 $16 {Bykhovsky-Gligoric,Belgrade 1988})
17. b4 Rac8 18. Ne3 $14 {Savchenko-Brodsky,Herson 1989}) 16. Nd1 Nh5 $5 17. g3
(17. Ne3 $5 f5 18. b4 $14 (18. a4 d5 19. cxd5 Bxd3 20. Kxd3 Nf4+ 21. Kd2 Nxd5
$10)) 17... f5 18. a4 Bb7 19. a5 Nf6 $132 20. b4 d6 21. axb6 axb6 22. Ra7 Rf7
23. f4 (23. Ne3 g5 $1 24. c5 dxc5 25. Nc4 cxb4 26. Nd6 Rxc1 27. Nxf7 Rc7 28.
Nd8 Rd7 29. Nxb7 Kg7 $44) 23... Be4 24. Ra6 (24. Rca1 Rxa7 25. Rxa7 Bxd3 26.
Kxd3 b5 $1 27. cxb5 Nd5 $44) 24... Rb7 25. Be2 Bc6 26. Nc3 Ne4+ 27. Nxe4 Bxe4
28. Rc3 Kf7 29. Ke3 h6 30. h4 Kf6 31. h5 Bc6 32. Rca3 d5 $1 33. c5 (33. b5 Bd7
$1 34. Ra7 Rxa7 35. Rxa7 dxc4 $1 $10) 33... bxc5 34. bxc5 Bb5 $1 35. Ra7 Rxa7
36. Rxa7 Bxe2 37. Kxe2 Rb8 $1 $10 38. Kd2 Rb4 39. Kc3 Rc4+ 40. Kd3 Rc1 41. Kd2
Rc4 42. Kd3 Rc1 43. Rd7 Rg1 44. c6 (44. Kc3 $2 Rxg3+ 45. Kb4 Rd3 46. c6 Rxd4+
47. Kc5 Rxf4 48. c7 Rc4+ 49. Kd6 d4 $17) 44... Rc1 45. c7 1/2-1/2

[Event "Bayern-chI Bank Hofmann 6th"]
[Site "Bad Wiessee"]
[Date "2002.11.01"]
[Round "7"]
[White "Gershon, Alik"]
[Black "Landa, Konstantin"]
[Result "0-1"]
[WhiteElo "2562"]
[BlackElo "2632"]
[Annotator "Teske,H"]
[PlyCount "82"]
[EventDate "2002.10.26"]
[EventType "swiss"]
[EventRounds "9"]
[EventCountry "GER"]
[SourceTitle "EXT 2003"]
[Source "ChessBase"]
[SourceDate "2002.11.25"]
[SourceVersion "1"]
[SourceVersionDate "2002.11.25"]
[SourceQuality "1"]

1. d4 Nf6 2. c4 e6 3. Nc3 Bb4 4. Qc2 c5 5. dxc5 O-O 6. a3 Bxc5 7. Nf3 b6 8. Bg5
Bb7 9. e3 Be7 10. Rd1 h6 11. Bh4 d5 12. Bxf6 Bxf6 13. cxd5 exd5 {mit
Remisangebot} 14. Be2 Qc8 15. Nd4 {[#]} Nc6 16. Nxd5 Bxd4 17. exd4 Qd7 18. Bf3
Na5 19. Ne3 Bxf3 20. gxf3 Rac8 21. Qd3 Qh3 22. Rg1 Rfe8 23. d5 $4 {Damit
überspannt Weiß den Bogen. Der schwarze Springer gelangt auf das wichtige Feld
e5.} (23. b3 $1 $13) 23... Nc4 24. Qd4 Ne5 25. Ke2 {[#]} Rc2+ $6 {Gewinnt die
Dame, aber Schwarz hat danach noch einige technische Probleme zu lösen.} (25...
Qxf3+ $1 {gewinnt komfortabler.} 26. Kf1 (26. Ke1 Qh3) (26. Kd2 Qxf2#) 26...
Qh3+ 27. Rg2 (27. Ke2 Rc4 $1 {Weiß muß die lange Diagonale verlassen und geht
chancenlos unter.} 28. Nxc4 Nxc4+ $19 {Hier wird deutlich, warum Schwarz erst
den Bf3 vernichten sollte. Der weiße König kann nun nicht mehr über d3
entwischen.}) 27... g5 $1 28. d6 Nf3 29. Qd3 Nxh2+ 30. Kg1 Nf3+ 31. Kf1 Qh1+
32. Ke2 Qxg2 $19) 26. Nxc2 Nxf3+ 27. Ne3 Nxd4+ 28. Rxd4 Qxh2 29. Kf1 Qh3+ 30.
Rg2 Qh1+ 31. Rg1 Qh3+ 32. Rg2 Rd8 33. Kg1 Qc8 34. Rc4 Qd7 35. Rg3 f5 36. Rd4 g5
37. Nc4 f4 38. Rgd3 b5 39. Ne5 Qd6 40. Re4 Re8 41. Nc4 bxc4 0-1